00793cam a2200241Ka 450000500170000000800410001702000150005802000180007304000610009104100080015210000200016024500880018026000390026830000180030749000240032550400410034965000210039065000240041165000140043565000240044965000210047376500570049420240726103442.0140710s2000 sp fr 000 0 spa d a8474328292 a9788474328295 aCO-BoUCMbspacJose A. GerenadDavid Moreno (modificó)1 aspa1 aChartier, Roger14aLas revoluciones de la cultura escritabdiálogos e intervencionescRoger Chartier aBarcelona (España)bGedisac2000 a183 Páginas1 aColección Leav20 aIncluye referencias bibliográficas 7aArte de escribir 7aDesarrollo cultural 7aEscritura 7aLectura y escritura 7aLibros y lectura tLivre en révolutions : entretiens avec Jean Lebrun